Statistiken für Last One Laughing Teilnehmer

Klicken Sie hier um das Quiz zu spielen!

Allgemein

  • Dieses Quiz wurde 353 mal gespielt
    (70 seit der letzten Aktualisierung)
  • Das Durchschnittsergebnis liegt bei 20 aus 38

Antwortstatistiken

Antwort% Korrekt
Anke Engelke
85%
Michael Bully Herbig
85%
Bastian Pastewka
82%
Tedros Teclebrhan
80%
Torsten Sträter
78%
Otto Waalkes
72%
Hazel Brugger
68%
Kurt Krömer
67%
Joko Winterscheidt
65%
Martina Hill
65%
Max Giermann
62%
Olaf Schubert
62%
Klaas Heufer-Umlauf
60%
Ralf Schmitz
60%
Rick Kavanien
60%
Caroline Kebekus
57%
Elyas M'Barek
57%
Mirco Nontschew
53%
Michelle Hunziker
50%
Tahnee
50%
Barbara Schöneberger
45%
Mirja Boes
45%
Tommi Schmitt
43%
Wigald Boning
43%
Michael Mittermeier
42%
Christoph Maria Herbst
40%
Elton
40%
Ina Müller
40%
Michael Kessler
38%
Anette Frier
33%
Moritz Bleibtreu
33%
Axel Stein
32%
Cordula Stratmann
30%
Jan van Weyde
30%
Larissa Rieß
30%
Palina Rojinski
30%
Abdelkarim
28%
Meltem Kaptan
25%

Verteilung der Resultate

Perzentil nach korrekt beantworteten Fragen

Anzahl Personen mit jedem Resultat

Ihre Resultats-Entwicklung

Sie haben dieses Quiz seit der letzten Aktualisierung nicht gespielt